Природа экономики СССР: новый взгляд; Известия Томского политехнического университета [Известия ТПУ]; Т. 307, № 2
| Parent link: | Известия Томского политехнического университета [Известия ТПУ]/ Томский политехнический университет (ТПУ).— , 2000- Т. 307, № 2.— 2004.— [С. 170-173] |
|---|---|
| Egile nagusia: | |
| Gaia: | Заглавие с титульного листа Электронная версия печатной публикации В рамках системного анализа и концепций самоорганизации выделены два принципиально различающихся вида систем: открытые и закрытые. Исследована природа "закрытой" экономики, характерной для СССР. Согласно выводам концепций самоорганизации, для таких систем характерно равновесное состояние, вследствие чего такие системы могут существовать достаточно долго. Но постепенно в них нарастает энтропия, поскольку они не имеют возможности выводить энтропию в среду и получать из нее негэнтропийные воздействия, подобно открытым системам. В результате они обречены на разрушение. Показана неизбежность краха закрытых систем вообще и "закрытых" социально-экономических систем, в частности. |
| Hizkuntza: | errusiera |
| Argitaratua: |
2004
|
| Saila: | Социально-экономические и гуманитарные науки |
| Gaiak: | |
| Sarrera elektronikoa: | http://www.lib.tpu.ru/fulltext/v/Bulletin_TPU/2004/v307/i2/35.pdf |
| Formatua: | MixedMaterials Baliabide elektronikoa Liburu kapitulua |
| KOHA link: | https://koha.lib.tpu.ru/cgi-bin/koha/opac-detail.pl?biblionumber=169023 |
MARC
| LEADER | 00000nla2a2200000 4500 | ||
|---|---|---|---|
| 001 | 169023 | ||
| 005 | 20231031163301.0 | ||
| 035 | |a (RuTPU)RU\TPU\book\183357 | ||
| 035 | |a RU\TPU\book\183356 | ||
| 090 | |a 169023 | ||
| 100 | |a 20091105d2004 k y0rusy50 ca | ||
| 101 | 0 | |a rus | |
| 102 | |a RU | ||
| 135 | |a drnn ---uucaa | ||
| 181 | 0 | |a i | |
| 182 | 0 | |a b | |
| 200 | 1 | |a Природа экономики СССР: новый взгляд |b Электронный ресурс |f Е. А. Ерохина | |
| 203 | |a Текст |c электронный | ||
| 215 | |a 1 файл (284 Кб) | ||
| 225 | 1 | |a Социально-экономические и гуманитарные науки | |
| 230 | |a Электронные текстовые данные (1 файл : 284 Кб) | ||
| 300 | |a Заглавие с титульного листа | ||
| 300 | |a Электронная версия печатной публикации | ||
| 320 | |a [Библиогр.: с. 173 (6 назв.)] | ||
| 330 | |a В рамках системного анализа и концепций самоорганизации выделены два принципиально различающихся вида систем: открытые и закрытые. Исследована природа "закрытой" экономики, характерной для СССР. Согласно выводам концепций самоорганизации, для таких систем характерно равновесное состояние, вследствие чего такие системы могут существовать достаточно долго. Но постепенно в них нарастает энтропия, поскольку они не имеют возможности выводить энтропию в среду и получать из нее негэнтропийные воздействия, подобно открытым системам. В результате они обречены на разрушение. Показана неизбежность краха закрытых систем вообще и "закрытых" социально-экономических систем, в частности. | ||
| 337 | |a Adobe Reader | ||
| 461 | 1 | |0 (RuTPU)RU\TPU\book\176237 |t Известия Томского политехнического университета [Известия ТПУ] |f Томский политехнический университет (ТПУ) |d 2000- | |
| 463 | 1 | |0 (RuTPU)RU\TPU\book\183202 |t Т. 307, № 2 |v [С. 170-173] |d 2004 |p 213 с. | |
| 610 | 1 | |a экономика | |
| 610 | 1 | |a СССР | |
| 610 | 1 | |a системный анализ | |
| 610 | 1 | |a концепция самоорганизации | |
| 610 | 1 | |a виды | |
| 610 | 1 | |a открытые системы | |
| 610 | 1 | |a закрытые системы | |
| 610 | 1 | |a закрытая экономика | |
| 610 | 1 | |a равновесное состояние | |
| 610 | 1 | |a энтропия | |
| 610 | 1 | |a негэнтропийные воздействия | |
| 610 | 1 | |a разрушение | |
| 610 | 1 | |a крах | |
| 610 | 1 | |a социально-экономические системы | |
| 610 | 1 | |a труды учёных ТПУ | |
| 610 | 1 | |a электронный ресурс | |
| 700 | 1 | |a Ерохина |b Е. А. |c профессор каф. экономики (ЭКОН) ИЭФ, ТПУ |c доктор экономических наук |g Елена Анатольевна |2 stltpush |3 (RuTPU)RU\TPU\pers\25424 | |
| 801 | 1 | |a RU |b 63413507 |c 20090623 |g PSBO | |
| 801 | 2 | |a RU |b 63413507 |c 20210601 |g PSBO | |
| 856 | 4 | |u http://www.lib.tpu.ru/fulltext/v/Bulletin_TPU/2004/v307/i2/35.pdf | |
| 942 | |c CF | ||